Wymień wszystkie drużyny Premier League z sezonu 2019/2020 - Statystyki

Ogólne statystyki
  • Ten quiz został rozwiązany 771 razy
  • Średni wynik to 14 z 20
Statystyki odpowiedzi
* Klub: % Poprawnych
11) Manchester City
98%
12) Manchester United
98%
10) Liverpool FC
97%
1) Arsenal FC
95%
6) Chelsea FC
94%
17) Tottenham Hotspur
85%
20) Wolverhampton Wanderers
70%
8) Everton
68%
2) Aston Villa
64%
9) Leicester City
64%
19) West Ham United
62%
16) Southampton
60%
14) Norwich City
56%
4) Brighton & Hove Albion
54%
5) Burnley FC
54%
7) Crystal Palace
53%
13) Newcastle United
50%
18) Watford
49%
3) AFC Bournemouth
47%
15) Sheffield United
41%
Nie znaleziono quizów pasujących do podanych kryteriów
Rozkład punktacji
Procent ludzi z każdym wynikiem
Percentyl według liczby udzielonych odpowiedzi
Twoja historia wyników
Nie rozwiązałeś tego quizu